| 000 | 00692nam a22002057a 4500 | ||
|---|---|---|---|
| 005 | 20100814152039.0 | ||
| 010 | _aENG-100496 | ||
| 020 |
_c75.00 _a9789380017495 |
||
| 035 | _aEN-84029 | ||
| 037 | _bDBAD/PUB | ||
| 082 | _a330.954 | ||
| 100 |
_aSivasankari, M. _913957 |
||
| 245 |
_aInfrastructure - economic issues of India / _cby M.Sivasankari |
||
| 260 |
_aChennai _bToday Publications _c2009 |
||
| 270 |
_a192, Bells Road _bChennai _e5 |
||
| 300 |
_a108p. _c21cm (pbk) |
||
| 700 | _913414 | ||
| 942 |
_2ddc _cEN _h330.954 _mSIV |
||
| 999 |
_c41960 _d41960 |
||